|
|
|
|
| LEADER |
00000nam0a2200000 4500 |
| 001 |
263459 |
| 005 |
20231101233735.0 |
| 010 |
|
|
|a 9785991636827
|
| 035 |
|
|
|a (RuTPU)RU\TPU\book\286444
|
| 090 |
|
|
|a 263459
|
| 100 |
|
|
|a 20140609d2014 m y0rusy50 ca
|
| 101 |
0 |
|
|a rus
|
| 102 |
|
|
|a RU
|
| 105 |
|
|
|a a j 001zy
|
| 200 |
1 |
|
|a Институциональная экономика
|e учебник и практикум для бакалавриата и магистратуры
|f О. С. Сухарев
|g Финансовый университет при Правительстве Российской Федерации
|
| 210 |
|
|
|a Москва
|c Юрайт
|d 2014
|
| 215 |
|
|
|a 502 с.
|c ил.
|
| 225 |
1 |
|
|a Бакалавр и магистр. Академический курс
|
| 320 |
|
|
|a Библиогр.: с. 498-501.
|
| 320 |
|
|
|a Глоссарий: с. 495-497.
|
| 330 |
|
|
|a Учебник основан на курсе лекций, прочитанных автором в Российском экономическом университете им. Г. В. Плеханова, Финансовом университете при Правительстве Российской Федерации и других университетах России. Предназначен для овладения экономистами институциональным мышлением, позволяющим рассматривать экономику вне рамок равновесных схем и балансового подхода, учитывать долгосрочные эффекты ее функционирования, т.е. эволюционные предпосылки. Включает ряд результатов, полученных автором в ходе его научных исследований. Отражает все темы имеющегося стандарта по данной дисциплине. Предлагает иное, отличное от неоклассического подхода, развитого в курсах «экономики» и «экономической теории», представление о хозяйственной системе, так что можно считать его, в определенном смысле, альтернативой сложившимся стереотипам в преподавании теоретических экономических дисциплин. Ориентирован на изучение методологических проблем развития экономического знания. Соответствует Федеральному государственному образовательному стандарту высшего образования четвертого поколения. Для студентов старших курсов экономических специальностей, бакалавров и магистров, аспирантов и всех тех, кто хотел бы ознакомиться с новыми достижениями современной экономической науки.
|
| 606 |
1 |
|
|a Институциональная экономика
|x Теория
|2 stltpush
|3 (RuTPU)RU\TPU\subj\58918
|9 76601
|
| 610 |
1 |
|
|a экономика
|
| 610 |
1 |
|
|a экономическая теория
|
| 610 |
1 |
|
|a институционализм
|
| 610 |
1 |
|
|a трансакции
|
| 610 |
1 |
|
|a фирмы
|
| 610 |
1 |
|
|a организации
|
| 610 |
1 |
|
|a коллективный выбор
|
| 610 |
1 |
|
|a теория групп
|
| 610 |
1 |
|
|a экономические измерения
|
| 610 |
1 |
|
|a трансакционные издержки
|
| 610 |
1 |
|
|a институциональные изменения
|
| 610 |
1 |
|
|a право собственности
|
| 610 |
1 |
|
|a экономические преступления
|
| 610 |
1 |
|
|a дисфункции
|
| 610 |
1 |
|
|a институциональная макроэкономика
|
| 610 |
1 |
|
|a инновации
|
| 610 |
1 |
|
|a экономические институты
|
| 610 |
1 |
|
|a модель IS-LM
|
| 610 |
1 |
|
|a глобальные изменения
|
| 610 |
1 |
|
|a региональные изменения
|
| 610 |
1 |
|
|a управление
|
| 610 |
1 |
|
|a учебные пособия
|
| 686 |
|
|
|a У011я73
|v LBC/SL-A
|2 rubbk
|
| 700 |
|
1 |
|a Сухарев
|b О. С.
|g Олег Сергеевич
|
| 712 |
0 |
2 |
|a Финансовый университет при Правительстве Российской Федерации
|c (Москва)
|c (2010- )
|2 stltpush
|3 (RuTPU)RU\TPU\col\17114
|9 26530
|
| 801 |
|
1 |
|a RU
|b 63413507
|c 20140609
|
| 801 |
|
2 |
|a RU
|b 63413507
|c 20150622
|g RCR
|
| 942 |
|
|
|c BK
|
| 959 |
|
|
|a 102/20140609
|d 2
|e 539,00
|f ЧЗГЛ:1
|f АНЛ:1
|